• 首页
  • 本馆介绍
  • 公告通知
  • 最新文献
  • 馆藏检索
  • 电子资源
  • 读者导购
  • 参考咨询
  • 我的图书馆
  • 登录
  • 详细信息显示
  • 放入我的书架
  • 预约/预借图书
  • 作者相关作品
  • 分类相关作品
  • 丛书相关作品
  • 出版社相关作品

书目信息

  • 表格格式
  • 工作单格式
  • 卡片格式
题名:
辛亥革命前十年时间时论选集
    
 
作者: 张〓 , 王忍之 编
分册: 第三卷  
出版信息: 北京   三联书店  1977
页数: 862页
开本: 20cm
丛书名:
单 册:
中图分类: K257.1
科图分类:
主题词: 资产阶级民主革命,辛亥革命前的--史评--选集 , 中国--历史--1840~1949
电子资源:
ISBN:
000 00841nam0 2200277 45
001 0177000368
005 20040324140622.4
010    @b精装@dCNY3.10
091    @a11002.486
100    @a19951018d1977 em y0chiy0121 ea
101 0  @achi
102    @aCN@b110000
105    @ay z 000yy
106    @ar
200 10 @a辛亥革命前十年时间时论选集@Axin hai ge ming qian shi nian shi jian shilun xuan ji@h第三卷@f张〓,王忍之编
210    @a北京@c三联书店@d1977
215    @a862页@c照片等@d20cm
303    @a〓=〔木(左)舟〕(ZHOU)
606    @a资产阶级民主革命,辛亥革命前的@x史评@x选集
606 0  @a中国@x历史@z1840~1949
690    @aK257.1@v3
701  0 @a张〓@Azhang zhou@4编
701  0 @a王忍之@Awang ren zhi@4编
801  0 @aCN@b广东省中山图书馆@c20040324
801  2 @aCN@bNLC@c20040324
905    @f1@b1262@dK257.1@e2:3
    
    辛亥革命前十年时间时论选集.第三卷/张〓,王忍之编.-北京:三联书店,1977
    862页:照片等;20cm
    
    
    ISBN (精装):CNY3.10
    
●
相关链接 在E读中查询图书 在五车中查询图书 在当当中查询图书 在豆瓣中查询图书


正题名:辛亥革命前十年时间时论选集     索取号:K257.1/2:3         预约/预借

序号 登录号 条形码 馆藏地/架位号 状态 备注
1 0001262   001918045   第二样本阅览室/ [索取号:K257.1/2:3] 在馆    
唐山师范学院图书馆 欢迎您!
大连网信软件有限公司© 版权所有